01012nam a2200193Ia 4500008004100000020001500041041001200056082001100068100001700079245004900096260004200145300000800187650000700195942000700202999001500209952019800224952019800422952019800620221030s9999 xx 000 0 und d a8189757172 aEnglish a105.23 aA. K. Pandey 0aConcepts of Compiler Designcby A. K. Pandey bS. K. Kataria & SonsaNew Delhic2009 a508 aIT cBK c8949d8949 pBE 10576g195.00i160l0o105.23 eDurga Books, Amritsarr2024-06-13 00:00:00w2022-10-30yBK003Print4071aMIETLIBbMIETLIBcBL-Academic Block B, FL-1, CUP-168, SH-4, R-4d2010-03-1010HBE pBE 10577g195.00i160l0o105.23 eDurga Books, Amritsarr2024-06-13 00:00:00w2022-10-30yBK003Print4070aMIETLIBbMIETLIBcBL-Academic Block C, FL-2, CUP-151, SH-3, R-3d2010-03-1010HBE pBE 10578g195.00i160l0o105.23 eDurga Books, Amritsarr2024-06-13 00:00:00w2022-10-30yBK003Print4070aMIETLIBbMIETLIBcBL-Academic Block C, FL-2, CUP-151, SH-4, R-4d2010-03-1010HBE